Enigma - Lady Gaga (All lyrics) - Statistics

General Stats
  • This quiz has been taken 5 times
  • The average score is 212 of 267
Answer Stats
Hint Answer % Correct
a
100%
all
100%
am
100%
enigma
100%
hear
100%
I
100%
Ooh. yeah | Pre - chorus | Yeah Is
100%
is
100%
it
100%
me
100%
my
100%
the
100%
to
100%
Chorus We
100%
we
100%
what
100%
woman
100%
you
100%
your
100%
anything
67%
atmosphere
67%
be
67%
believe
67%
blinded
67%
break
67%
breathing
67%
brought
67%
but
67%
Verse 2 Can't
67%
could
67%
daylight
67%
even
67%
eyes
67%
give
67%
goddess
67%
head
67%
heart
67%
here
67%
I'll
67%
I'm
67%
in
67%
jokers
67%
just
67%
light
67%
lovers
67%
man
67%
- minded
67%
mystery
67%
naked
67%
of
67%
Verse 1 Open
67%
or
67%
phantom
67%
races
67%
real
67%
scared
67%
seeing
67%
shadows
67%
sign
67%
smears
67%
so
67%
something
67%
standing
67%
staring
67%
stigma
67%
stop
67%
tonight
67%
violet
67%
virtual
67%
want
67%
watch
67%
wrapped
67%
Verse 3 | What? Did
33%
Dragon's
33%
our
33%
said
33%
No matching quizzes found
Score Distribution
Percent of People with Each Score
Percentile by Number Answered
Your Score History
You have not taken this quiz